Le Défi mondial

Uloženo v:
Podrobná bibliografie
Hlavní autor: Jacques, Jean
Médium: Kniha
Jazyk:Undetermined
Vydáno: Paris Fayard 1980
Témata:
Tagy: Přidat tag
Žádné tagy, Buďte první, kdo otaguje tento záznam!
Thư viện lưu trữ: Trung tâm Học liệu Trường Đại học Cần Thơ
LEADER 00482nam a2200193Ia 4500
001 CTU_85887
008 210402s9999 xx 000 0 und d
082 |a 303.49 
082 |b J19 
100 |a Jacques, Jean 
245 0 |a Le Défi mondial 
245 0 |c Jean-Jacques, Servan-Schreiber 
260 |a Paris 
260 |b Fayard 
260 |c 1980 
650 |a forecasts 
650 |x social change 
904 |i Năm 
980 |a Trung tâm Học liệu Trường Đại học Cần Thơ